| 000 | 01389nam a2200373 i 4500 | ||
|---|---|---|---|
| 001 | 196147 | ||
| 003 | ES-MaACL | ||
| 005 | 20250307141814.0 | ||
| 008 | 240816s2021 sp | |||| 000 p spa | ||
| 017 |
_aM 25473-2021 _bOficina Depósito Legal Madrid |
||
| 020 | _a9788412418439 | ||
| 035 | _a(SpMaBN)a7044272 | ||
| 035 | _a991040446219708606 | ||
| 040 |
_aSpMaBN _bspa _cSpMaBN _erda |
||
| 080 | _a821.134.2-14"19" | ||
| 100 |
_aLópez Lara, Pedro _9237273 _eaut |
||
| 245 | 1 | 0 |
_aMeandros / _cPedro López Lara |
| 250 | _aPrimera edición, 2021 | ||
| 264 | 1 |
_aMadrid : _bEdiciones Vitruvio, _c[2021] |
|
| 300 |
_a119 páginas ; _c24 cm |
||
| 336 |
_aTexto _2rdacontent |
||
| 337 |
_asin mediación _2rdamedia |
||
| 338 |
_avolumen _2rdacarrier |
||
| 490 | 1 |
_aColección Baños del Carmen ; _vnº 865 |
|
| 500 | _aCatalogación provisional. Signatura: N-9214. Depósito J. | ||
| 655 | 7 |
_aPoesías _2tgfbne _9176539 |
|
| 830 |
_aColección Baños del Carmen _v865 _9183030 |
||
| 852 |
_aES-MaACL _bR.153553 _cDEPOJ _jN-9214 _gDedicatoria autografía del Autor _hDonación: Pedro López Lara _xRústica con solapas _9203961 |
||
| 903 |
_9237273 _aLópez Lara, Pedro _ednr |
||
| 942 |
_cMONOGRAFIA _n0 |
||
| 954 | _iTatiana Alejandra de Castro Pérez | ||
| 999 |
_c196147 _d196147 |
||